000 01104nam a22003257a 4500
003 CHAP
005 20220329134514.0
008 971013c19731967 r 00010 d
010 _a21316
011 _a22288
035 _a26382
040 _cCHAP
082 _a631.44
_bD7
100 0 0 _aDrew, J. V.
_934227
245 _aSelected papers in soil fromation and classification
260 _aMadison, Wis. :
_bSoil Science Society of America,
_c1973 (c.1967)
300 _a432 p.
_b: ilus. ; gráfs.
490 _aSpecial publication series
_v; 1
590 _aBATCH-UPD
_b10
_c20130110
_lUCH01
_h1525
590 _aBATCH-UPD
_b10
_c20130410
_lUCH01
_h0935
590 _aBATCH-UPD
_b10
_c20130914
_lUCH01
_h2036
590 _aCONVERSION
_b10
_c20130109
_lUCH01
_h1313
650 1 4 _aSuelos
_xClasificación.
_9110239
650 1 4 _aSuelos
_xFormación.
_9110377
830 0 _aSpecial publication series
_v; 1
_9109154
901 _aBK
942 _cLIBRO
949 _a631.44 D7
_bBC
_cLIBRO
_d33724000071023
_eLIBRO
_h50340
_i26382
_si
949 _a631.44 D7
_bBC
_cLIBRO
_d33724000071031
_eLIBRO
_fc.2
_h50341
_i26382
_si
999 _c21316
_d21316